[Event "Regionalliga NO 1617"]
[Site "Bayern"]
[Date "2017.02.19"]
[Round "6.2"]
[White "Endres, Christian"]
[Black "Liess, Marcus"]
[Result "1/2-1/2"]
[WhiteElo "2072"]
[BlackElo "1917"]
[PlyCount "32"]
[EventDate "2016.10.16"]
[EventType "team-tourn"]
[EventRounds "9"]
[EventCountry "GER"]
[SourceTitle "EXT 2019"]
[Source "ChessBase"]
[SourceDate "2018.10.10"]
[SourceVersion "1"]
[SourceVersionDate "2018.10.10"]
[SourceQuality "1"]
[WhiteTeam "Altensittenbach"]
[BlackTeam "Regensburg Turnerschaft"]
[WhiteTeamCountry "GER"]
[BlackTeamCountry "GER"]

1. Nf3 Nf6 2. c4 g6 3. g3 Bg7 4. Bg2 d6 5. d4 0-0 6. Nc3 Nbd7 7. 0-0 Re8 8. b3 e5 9. e3 c6 10. a4 Qc7 11. Ba3 Bf8 12. Rc1 a6 13. Rc2 Qb6 14. b4 a5 15. Rb2 axb4 16. Bxb4 Qa6 1/2-1/2

[Event "Regionalliga NO 1516"]
[Site "Bayern"]
[Date "2016.02.21"]
[Round "7.3"]
[White "Liess, Marcus"]
[Black "Wiemer, Peter"]
[Result "0-1"]
[WhiteElo "1917"]
[BlackElo "2183"]
[PlyCount "92"]
[EventDate "2015.10.11"]
[EventType "team-tourn"]
[EventRounds "9"]
[EventCountry "GER"]
[SourceTitle "EXT 2018"]
[Source "ChessBase"]
[SourceDate "2017.10.13"]
[SourceVersion "1"]
[SourceVersionDate "2017.10.13"]
[SourceQuality "1"]
[WhiteTeam "Regensburg Turnerschaft"]
[BlackTeam "Zirndorf"]
[WhiteTeamCountry "GER"]
[BlackTeamCountry "GER"]

1. e4 e6 2. d4 d5 3. Nc3 Nc6 4. Nf3 Nf6 5. e5 Ne4 6. Bd3 Bb4 7. 0-0 Nxc3 8. bxc3 Bxc3 9. Rb1 h6 10. Be2 Bb4 11. Qd3 f5 12. g4 Be7 13. gxf5 exf5 14. Kh1 Rb8 15. Rg1 g5 16. Nd2 Be6 17. Bh5+ Kd7 18. Nf1 Qf8 19. f4 Rg8 20. Bf3 Kc8 21. Bg2 Qf7 22. Bd2 gxf4 23. Bxf4 Rg4 24. Be3 Nb4 25. Qd2 f4 26. Rxb4 Bxb4 27. Qxb4 f3 28. Ng3 Rxg3 29. Bf1 Rxg1+ 30. Kxg1 a6 31. Kf2 b5 32. Qd2 Qh5 33. Bf4 Kb7 34. a4 Kc8 35. axb5 axb5 36. Qb4 Qf5 37. Qd2 h5 38. Kxf3 Kb7 39. Qd3 Qg4+ 40. Ke3 Rf8 41. Qxb5+ Kc8 42. Qa6+ Kd8 43. Qa8+ Ke7 44. Qa3+ Kf7 45. Bd3 Qg1+ 46. Kd2 Qf2+ 0-1

[Event "Oberpfalz-ch M2"]
[Site "Regensburg"]
[Date "2006.04.10"]
[Round "6"]
[White "Liess, Marcus"]
[Black "Volk, Nikolaj"]
[Result "1/2-1/2"]
[WhiteElo "1892"]
[BlackElo "1710"]
[PlyCount "63"]
[EventDate "2006.04.08"]
[EventType "swiss"]
[EventRounds "8"]
[EventCountry "GER"]
[SourceTitle "EXT 2022"]
[Source "ChessBase"]
[SourceDate "2021.10.06"]
[SourceVersion "1"]
[SourceVersionDate "2021.10.06"]
[SourceQuality "1"]

1. e4 e5 2. Nf3 Nc6 3. d4 exd4 4. Bc4 Nf6 5. e5 d5 6. Bb5 Ne4 7. Nxd4 Bd7 8. Bxc6 bxc6 9. 0-0 Bc5 10. c3 0-0 11. Nd2 f5 12. N2b3 Bb6 13. e6 c5 14. exd7 cxd4 15. cxd4 Qxd7 16. f3 Nd6 17. a4 c6 18. a5 Bc7 19. Nc5 Qf7 20. Qa4 Nb5 21. Re1 Qh5 22. f4 Rfe8 23. Be3 Re7 24. Nd3 g5 25. Ne5 Rae8 26. Nxc6 Rxe3 27. Rxe3 Rxe3 28. Qxb5 Bxf4 29. Qxd5+ Kh8 30. Qd8+ Kg7 31. Qd7+ Kh8 32. Qd8+ 1/2-1/2

[Event "Oberpfalz-ch M2"]
[Site "Regensburg"]
[Date "2006.04.09"]
[Round "4"]
[White "Liess, Marcus"]
[Black "Fischer, Wolfgang1"]
[Result "1-0"]
[WhiteElo "1892"]
[BlackElo "1639"]
[PlyCount "97"]
[EventDate "2006.04.08"]
[EventType "swiss"]
[EventRounds "8"]
[EventCountry "GER"]
[SourceTitle "EXT 2022"]
[Source "ChessBase"]
[SourceDate "2021.10.06"]
[SourceVersion "1"]
[SourceVersionDate "2021.10.06"]
[SourceQuality "1"]

1. e4 e5 2. f4 d5 3. exd5 e4 4. Nc3 Nf6 5. d3 Bb4 6. Bd2 e3 7. Bxe3 Nxd5 8. Bd2 0-0 9. Nxd5 Bxd2+ 10. Qxd2 Qxd5 11. c4 Re8+ 12. Ne2 Qc5 13. 0-0-0 Bg4 14. h3 Bxe2 15. Bxe2 Nc6 16. Bf3 Nd4 17. Rhe1 Nxf3 18. gxf3 Qf5 19. h4 Qh3 20. Qf2 Qf5 21. Re4 Qa5 22. a3 f5 23. Rxe8+ Rxe8 24. Qd2 Qxd2+ 25. Kxd2 Kf7 26. Rg1 h6 27. b4 Re6 28. h5 g6 29. hxg6+ Rxg6 30. Rh1 Rg2+ 31. Kc3 Kg6 32. a4 Rg3 33. Rf1 h5 34. Kd4 h4 35. Rh1 h3 36. Ke3 Kh5 37. Rh2 Kh4 38. Kf2 Rg7 39. d4 c6 40. b5 cxb5 41. axb5 b6 42. c5 bxc5 43. dxc5 Rd7 44. Rh1 Rd2+ 45. Ke3 Rc2 46. c6 h2 47. Kd3 Rg2 48. c7 Kg3 49. c8Q 1-0

[Event "Oberpfalz-ch M1"]
[Site "Schwarzenfeld"]
[Date "2005.??.??"]
[Round "8"]
[White "Liess, Marcus"]
[Black "Wutz, Christoph"]
[Result "1/2-1/2"]
[WhiteElo "1839"]
[BlackElo "2191"]
[PlyCount "32"]
[EventDate "2005.03.19"]
[EventType "swiss"]
[EventRounds "8"]
[EventCountry "GER"]
[SourceTitle "EXT 2022"]
[Source "ChessBase"]
[SourceDate "2021.10.06"]
[SourceVersion "1"]
[SourceVersionDate "2021.10.06"]
[SourceQuality "1"]

1. e4 e6 2. d3 d5 3. Nd2 Nf6 4. g3 b6 5. Bg2 Bc5 6. e5 Nfd7 7. Ngf3 Nc6 8. Qe2 f6 9. exf6 Qxf6 10. 0-0 0-0 11. Nb3 Bd6 12. Ng5 Nc5 13. Nxc5 Bxc5 14. c3 h6 15. Nf3 Ba6 16. Bf4 Bd6 1/2-1/2

[Event "Oberpfalz-ch M1"]
[Site "Schwarzenfeld"]
[Date "2005.??.??"]
[Round "3"]
[White "Schmahl, Stephan"]
[Black "Liess, Marcus"]
[Result "1-0"]
[WhiteElo "2171"]
[BlackElo "1839"]
[PlyCount "91"]
[EventDate "2005.03.19"]
[EventType "swiss"]
[EventRounds "8"]
[EventCountry "GER"]
[SourceTitle "EXT 2022"]
[Source "ChessBase"]
[SourceDate "2021.10.06"]
[SourceVersion "1"]
[SourceVersionDate "2021.10.06"]
[SourceQuality "1"]

1. d4 Nf6 2. c4 g6 3. Nc3 Bg7 4. e4 d6 5. Nf3 0-0 6. h3 e5 7. d5 Nbd7 8. Bg5 h6 9. Be3 Kh7 10. g4 Nc5 11. Nd2 c6 12. b4 cxd5 13. cxd5 Na6 14. a3 Nc7 15. Bd3 Bd7 16. Qf3 Qe8 17. a4 Na6 18. Rb1 Qc8 19. Nb5 Ne8 20. Ke2 Qd8 21. Qg3 Nac7 22. Nxc7 Nxc7 23. b5 b6 24. Rhg1 Qe7 25. h4 Rac8 26. h5 g5 27. f3 Ne8 28. Rbc1 Qd8 29. Nc4 Bf6 30. Qf2 Rb8 31. Rc2 Be7 32. Rgc1 f6 33. Kf1 Rf7 34. Kg2 Kg7 35. Na3 Rc8 36. Rxc8 Bxc8 37. Nc2 Bb7 38. Nb4 Bf8 39. Nc6 Qa8 40. Kg3 Rd7 41. Qa2 Be7 42. a5 bxa5 43. Qxa5 Bd8 44. Nxd8 Qxd8 45. Qxd8 Rxd8 46. Bxa7 1-0